[Event "XII Open"]
[Site "Crema ITA"]
[Date "2010.09.05"]
[Round "6"]
[White "Pisani, Valerio"]
[Black "Scotti, Luigi"]
[Result "1-0"]
[WhiteElo "1749"]
[BlackElo "1592"]
[PlyCount "81"]
[EventDate "2010.09.03"]

1. e4 d6 2. d4 Nf6 3. Nc3 g6 4. Nf3 Bg7 5. h3 O-O 6. Be3 Nbd7 7. Qd2 e5 8. d5
a6 9. a4 Nc5 10. Bxc5 dxc5 11. Rd1 Ne8 12. Be2 Nd6 13. O-O f5 14. Qe3 fxe4 15.
Nxe4 Nxe4 16. Qxe4 Bf5 17. Qc4 Qd6 18. Ng5 Kh8 19. g4 Bd7 20. Ne4 Qb6 21. Nxc5
Bc8 22. b4 Rf4 23. Ne4 Bf8 24. c3 a5 25. b5 Bc5 26. Qxc5 Bxg4 27. Qxb6 cxb6 28.
Bxg4 Rxe4 29. d6 h5 30. Bf3 Rf4 31. Bxb7 Rd8 32. Rfe1 Rf5 33. Rd5 Rdf8 34.
Rdxe5 Rxf2 35. Re8 Kg7 36. R1e7+ R2f7 37. Rxf8 Kxf8 38. Rxf7+ Kxf7 39. h4 Ke6
40. d7 Kxd7 41. Be4 1-0

[Event "XII Open"]
[Site "Crema ITA"]
[Date "2010.09.05"]
[Round "6"]
[White "Raimondi, Giorgio"]
[Black "Peschechera, Francesco"]
[Result "0-1"]
[WhiteElo "1503"]
[BlackElo "1704"]
[PlyCount "55"]
[EventDate "2010.09.03"]

1. e4 e5 2. Nf3 Nc6 3. Bc4 Bc5 4. O-O Nf6 5. Nc3 O-O 6. h3 d6 7. Re1 Be6 8. Nd5
Nb4 9. Nxf6+ Qxf6 10. Bb3 Nc6 11. d3 Nd4 12. Nxd4 Bxd4 13. Qe2 Qg6 14. Qf3 Bxb3
15. axb3 f5 16. exf5 Rxf5 17. Qd5+ Kh8 18. Be3 c6 19. Qa5 Bxb2 20. Ra2 Bd4 21.
Qb4 Bxe3 22. Rxe3 Rf7 23. d4 Raf8 24. c3 Qb1+ 25. Kh2 Qxa2 26. Qxd6 exd4 27.
cxd4 Qxf2 28. Rg3 0-1

[Event "XII Open"]
[Site "Crema ITA"]
[Date "2010.09.05"]
[Round "6"]
[White "Ranfagni, Stefano"]
[Black "Salami, Marco"]
[Result "0-1"]
[WhiteElo "2011"]
[BlackElo "2195"]
[PlyCount "98"]
[EventDate "2010.09.03"]

1. e4 e6 2. d4 d5 3. Nd2 Be7 4. e5 c5 5. c3 Nc6 6. Ndf3 Qb6 7. Bd3 Bd7 8. Ne2
cxd4 9. cxd4 Nb4 10. Nc3 Nxd3+ 11. Qxd3 h5 12. O-O Nh6 13. Bg5 Bxg5 14. Nxg5
Nf5 15. Nf3 Rc8 16. Rfc1 Qxb2 17. Rab1 Qa3 18. Qd2 Qa6 19. Qb2 b6 20. Qb4 Rc4
21. Qb2 O-O 22. Qd2 Rfc8 23. h3 Qa3 24. Rb3 Qe7 25. Rcb1 Ba4 26. Nxa4 Rxa4 27.
g3 Rac4 28. R3b2 Rc3 29. Kg2 Qa3 30. Rb3 Rxb3 31. Rxb3 Qa4 32. h4 Qc4 33. Rb4
Qc3 34. Qxc3 Rxc3 35. a4 Ra3 36. Ng5 Kf8 37. Kf1 Ra2 38. Ke1 Ke7 39. Kf1 Nh6
40. f3 Nf5 41. g4 hxg4 42. fxg4 Nxh4 43. Rb3 Rxa4 44. Rh3 Ng6 45. Rf3 f6 46.
exf6+ gxf6 47. Nh7 Rxd4 48. Nxf6 Rf4 49. Rxf4 Nxf4 0-1

[Event "XII Open"]
[Site "Crema ITA"]
[Date "2010.09.05"]
[Round "6"]
[White "Reduzzi, Maurizio"]
[Black "Stella, Andrea"]
[Result "0-1"]
[WhiteElo "2089"]
[BlackElo "2334"]
[PlyCount "78"]
[EventDate "2010.09.03"]

1. d4 d6 2. Nf3 f5 3. g3 Nf6 4. Bg2 g6 5. b3 Bg7 6. Bb2 O-O 7. O-O c6 8. c4 Na6
9. Nbd2 e5 10. dxe5 Ng4 11. Qc2 Nxe5 12. Rad1 Qc7 13. a3 Be6 14. Nd4 Rae8 15.
b4 Kh8 16. e3 Bg8 17. h3 Qf7 18. Rc1 c5 19. Nb5 Rd8 20. Bc3 Nc6 21. Rb1 Nab8
22. Bxg7+ Qxg7 23. Nc3 b6 24. Nd5 Ne7 25. Nxe7 Qxe7 26. Rfd1 Nd7 27. Nb3 h5 28.
h4 Nf6 29. Nc1 Qe6 30. Bf1 Qe4 31. Bd3 Qc6 32. Ne2 Ng4 33. Nf4 Ne5 34. Be2 cxb4
35. axb4 Kh7 36. Rbc1 Rc8 37. Rd4 Bxc4 38. Rxc4 Nxc4 39. Qxc4 Qd7 0-1

[Event "XII Open"]
[Site "Crema ITA"]
[Date "2010.09.05"]
[Round "6"]
[White "Riboldi, Raffaele"]
[Black "Cervini, Ernesto"]
[Result "1-0"]
[WhiteElo "1923"]
[BlackElo "1833"]
[PlyCount "63"]
[EventDate "2010.09.03"]

1. d4 d5 2. c4 c6 3. cxd5 Qxd5 4. Nc3 Qd8 5. Nf3 e6 6. Bf4 Nf6 7. e3 Nbd7 8.
Bd3 Be7 9. h3 h6 10. O-O O-O 11. Qe2 Nd5 12. Bh2 N7f6 13. Ne5 Bd6 14. f4 c5 15.
Rac1 cxd4 16. exd4 a6 17. Bb1 b5 18. Ne4 Nxe4 19. Qxe4 f5 20. Qd3 Nf6 21. Qf3
Bxe5 22. dxe5 Qb6+ 23. Qf2 Qxf2+ 24. Rxf2 Nd5 25. Rc6 Re8 26. g4 g6 27. gxf5
gxf5 28. Rg2+ Kf7 29. Rd6 Ra7 30. Bxf5 Nxf4 31. Bxf4 exf5 32. Bxh6 1-0

[Event "XII Open"]
[Site "Crema ITA"]
[Date "2010.09.05"]
[Round "6"]
[White "Scarabelli, Maurizio"]
[Black "Adami, Alessandro"]
[Result "1-0"]
[WhiteElo "1825"]
[BlackElo "1675"]
[PlyCount "75"]
[EventDate "2010.09.03"]

1. e4 c5 2. Nf3 d6 3. d4 cxd4 4. Nxd4 Nf6 5. Nc3 a6 6. f3 e5 7. Nb3 Be6 8. Bg5
Nbd7 9. Qd2 Be7 10. O-O-O O-O 11. h4 b5 12. Nd5 Bxd5 13. exd5 Ne8 14. Kb1 f5
15. g4 f4 16. Bd3 g6 17. Bh6 Rf7 18. g5 Ng7 19. Bxg7 Rxg7 20. h5 Nf8 21. hxg6
hxg6 22. Qg2 Kf7 23. Nd2 Ke8 24. Rh8 Kf7 25. Ne4 Rg8 26. Rdh1 Rg7 27. Qg4 Qc8
28. Qh4 Qd8 29. Qh6 Ra7 30. Qh4 Rc7 31. Rg1 Rg8 32. Rh6 Rg7 33. Rh1 Ra7 34. Rg1
Nd7 35. Qg4 Nf8 36. Nf2 Qd7 37. Qh4 Qd8 38. Ng4 1-0

[Event "XII Open"]
[Site "Crema ITA"]
[Date "2010.09.05"]
[Round "6"]
[White "Secondi, Alberto"]
[Black "Borboni, Paolo"]
[Result "0-1"]
[WhiteElo "1455"]
[BlackElo "1745"]
[PlyCount "124"]
[EventDate "2010.09.03"]

1. d4 d5 2. c4 e6 3. Nf3 Nf6 4. g3 dxc4 5. Bg2 c5 6. O-O Nc6 7. dxc5 Qxd1 8.
Rxd1 Bxc5 9. Nc3 O-O 10. Bf4 a6 11. Bd6 Bxd6 12. Rxd6 Ne8 13. Rd2 Nc7 14. Rad1
Rb8 15. Ng5 h6 16. Bxc6 hxg5 17. Bf3 f5 18. Rd8 Nd5 19. Rxf8+ Kxf8 20. Nxd5
exd5 21. Rxd5 Be6 22. Rc5 b6 23. Rc6 Ke7 24. Rc7+ Kf8 25. e3 Rd8 26. Rc6 Bd7
27. Rxb6 Bb5 28. Bc6 Rd1+ 29. Kg2 c3 30. bxc3 Bf1+ 31. Kf3 Rd2 32. g4 f4 33.
exf4 gxf4 34. Kxf4 Rxf2+ 35. Kg5 Rxh2 36. Bd5 Rc2 37. c4 Rxa2 38. c5 Ra5 39.
Rb1 Bd3 40. Rc1 Ke7 41. Kf4 Ra4+ 42. Ke5 Rxg4 43. Re1 Kd8 44. Kd6 Bb5 45. Rh1
Rg6+ 46. Be6 Rh6 47. Rg1 Bd7 48. Rxg7 Rxe6+ 49. Kd5 Rc6 50. Rg3 Rh6 51. Rg5 a5
52. Rg3 a4 53. Ra3 Kc7 54. Ra1 Be6+ 55. Kd4 Bb3 56. Rc1 Kc6 57. Rc3 Rh4+ 58.
Kd3 Rb4 59. Ke3 a3 60. Kd2 a2 61. Rc1 Bd5 62. Ra1 Rb1 0-1

[Event "XII Open"]
[Site "Crema ITA"]
[Date "2010.09.05"]
[Round "6"]
[White "Stella, Luca"]
[Black "Agnelli, Francesco"]
[Result "1/2-1/2"]
[WhiteElo "2042"]
[BlackElo "2044"]
[PlyCount "79"]
[EventDate "2010.09.03"]

1. Nf3 Nf6 2. g3 g6 3. Bg2 Bg7 4. O-O d6 5. d3 e5 6. e4 Nc6 7. c3 O-O 8. Re1
Nd7 9. d4 a5 10. Na3 Kh8 11. Nc4 b5 12. Ne3 b4 13. Qa4 Bb7 14. d5 Nc5 15. Qc2
Ne7 16. cxb4 axb4 17. Bd2 Ba6 18. Bf1 Bxf1 19. Rxf1 Qb8 20. Qc4 b3 21. a4 f5
22. exf5 Nxf5 23. Nxf5 gxf5 24. Ng5 Qe8 25. Ne6 Ne4 26. Bc3 Qh5 27. Nxf8 Rxf8
28. f3 Ng5 29. Qd3 Rf6 30. Kh1 Rh6 31. Rf2 e4 32. Bxg7+ Kxg7 33. fxe4 fxe4 34.
Qc3+ Kg8 35. Qxc7 Nf3 36. Qd8+ Kg7 37. Qe7+ Kg8 38. Qd8+ Kg7 39. Qe7+ Kg8 40.
Qd8+ 1/2-1/2

[Event "XII Open"]
[Site "Crema ITA"]
[Date "2010.09.05"]
[Round "6"]
[White "Stradiotti, Maurizio"]
[Black "Cretti, Marco"]
[Result "1-0"]
[WhiteElo "1686"]
[BlackElo "1410"]
[PlyCount "48"]
[EventDate "2010.09.03"]

1. d4 d5 2. e3 Nf6 3. Bd3 e6 4. f4 c5 5. c3 Nc6 6. Nf3 cxd4 7. exd4 Bd6 8. Ne5
Ne4 9. O-O f6 10. Qh5+ g6 11. Nxg6 hxg6 12. Qxh8+ Kd7 13. Qg7+ Ne7 14. Bxe4
dxe4 15. Qxf6 Qg8 16. Nd2 Nd5 17. Qh4 Be7 18. Qe1 e3 19. Nc4 Qh7 20. Nxe3 Bd6
21. Nxd5 exd5 22. Qg3 Kc6 23. b3 Bf5 24. c4 Be4 1-0

[Event "XII Open"]
[Site "Crema ITA"]
[Date "2010.09.05"]
[Round "6"]
[White "Tahiraj, Almir"]
[Black "Tedoldi, Guido"]
[Result "0-1"]
[WhiteElo "1548"]
[BlackElo "1678"]
[PlyCount "70"]
[EventDate "2010.09.03"]

1. d4 e6 2. c4 c5 3. d5 exd5 4. cxd5 d6 5. Nc3 Nf6 6. e4 Nbd7 7. Nf3 Be7 8. Bf4
a6 9. a4 O-O 10. Be2 Nh5 11. Bd2 f5 12. exf5 Nhf6 13. Qb3 Kh8 14. O-O Ne5 15.
Nxe5 dxe5 16. Bd3 Rb8 17. Rfe1 Qc7 18. Ne4 Nxe4 19. Bxe4 Bxf5 20. f3 Bxe4 21.
fxe4 c4 22. Qg3 Bc5+ 23. Kh1 Bf2 24. Qg5 Bxe1 25. Rxe1 Qf7 26. h4 Qf6 27. Qg3
b5 28. Bc3 Rbe8 29. Bb4 Rf7 30. a5 Qf4 31. Qh3 h5 32. d6 Qg4 33. Qh2 Ref8 34.
Rg1 Rf4 35. g3 Rxe4 0-1

[Event "XII Open"]
[Site "Crema ITA"]
[Date "2010.09.05"]
[Round "6"]
[White "Ventura, Franco"]
[Black "Regorda, Vittorio"]
[Result "1/2-1/2"]
[WhiteElo "2099"]
[BlackElo "1872"]
[PlyCount "107"]
[EventDate "2010.09.03"]

1. c4 Nf6 2. Nc3 c6 3. e4 e5 4. Nf3 d6 5. d4 Qc7 6. Be2 Be7 7. O-O O-O 8. Rb1
Nbd7 9. b4 Re8 10. Qc2 Nf8 11. Re1 Ng6 12. b5 Nh5 13. bxc6 bxc6 14. d5 Nhf4 15.
c5 Nxe2+ 16. Qxe2 dxc5 17. h3 Bf8 18. Qc4 a5 19. dxc6 Qxc6 20. Ng5 Ra7 21. Nd5
Rb7 22. Bd2 h6 23. Nf3 Rxb1 24. Rxb1 Be6 25. Bxa5 Bd6 26. Rb6 Bxd5 27. exd5 Qd7
28. Qg4 Qe7 29. Qe4 Ra8 30. Bc3 Rxa2 31. Bd2 Ra8 32. h4 Rf8 33. g4 Qc7 34. Rc6
Qd7 35. Qf5 Rd8 36. Ba5 Ne7 37. Qxd7 Rxd7 38. Ra6 Nxd5 39. Nd2 Be7 40. h5 Nb4
41. Ra8+ Kh7 42. Nc4 f6 43. Ne3 Nc6 44. Ra6 Nxa5 45. Rxa5 Kg8 46. Kg2 Kf7 47.
Kf3 Rd3 48. Ke2 Rd7 49. Ra6 Bf8 50. Rc6 Ke8 51. Rc8+ Kf7 52. Nf5 Be7 53. Rc6
Bf8 54. Rc8 1/2-1/2

[Event "XII Open"]
[Site "Crema ITA"]
[Date "2010.09.05"]
[Round "6"]
[White "Vuckovic, Dimitrije"]
[Black "Pace, Roberto"]
[Result "0-1"]
[WhiteElo "1566"]
[BlackElo "1984"]
[PlyCount "66"]
[EventDate "2010.09.03"]

1. Nf3 Nf6 2. c4 e6 3. g3 d5 4. Bg2 Be7 5. O-O O-O 6. b3 c5 7. d4 dxc4 8. bxc4
cxd4 9. Nxd4 Qc7 10. Qb3 Na6 11. Nb5 Qb6 12. N1c3 Nc5 13. Qc2 a6 14. Na3 Bd7
15. Rb1 Qc7 16. Be3 Bc6 17. f3 Ncd7 18. Qb2 Bc5 19. Nc2 Qe5 20. Nd1 Bxe3+ 21.
Ndxe3 Qc5 22. Qb4 Qa7 23. Kh1 Rad8 24. Rfd1 Ne5 25. Qb6 Rxd1+ 26. Nxd1 Qxb6 27.
Rxb6 Nxc4 28. Rb4 Rd8 29. Nf2 b5 30. a3 Rd2 31. Rxc4 bxc4 32. Nb4 Bb7 33. Bf1
a5 0-1

[Event "XII Festival A"]
[Site "Trieste ITA"]
[Date "2010.09.04"]
[Round "1"]
[White "Biason, Adriano"]
[Black "Cherin, Diego"]
[Result "0-1"]
[WhiteElo "1928"]
[BlackElo "2285"]
[PlyCount "126"]
[EventDate "2010.09.04"]

1. d4 f5 2. g3 Nf6 3. Nf3 g6 4. Bg2 Bg7 5. c4 O-O 6. O-O d6 7. Nc3 Nc6 8. d5
Na5 9. Nd2 c5 10. a3 Bd7 11. Rb1 Ng4 12. Qc2 Ne5 13. h3 a6 14. b3 g5 15. f4
gxf4 16. gxf4 Ng6 17. Nf3 b5 18. cxb5 axb5 19. e3 Rc8 20. Ne2 Qb6 21. Rd1 Rc7
22. Kf2 b4 23. h4 c4 24. bxc4 b3 25. Qd3 b2 26. h5 bxc1=Q 27. Rxb6 Qxc4 28.
hxg6 hxg6 29. Nfd4 Qxd3 30. Rxd3 Nc4 31. Rb4 Ra8 32. Rc3 Rac8 33. Bf1 Nd2 34.
Rxc7 Ne4+ 35. Kf3 Rxc7 36. Bg2 Kf7 37. Ng3 Nxg3 38. Kxg3 Rc3 39. Kf3 Rxa3 40.
Rb3 Rxb3 41. Nxb3 Bc3 42. Nc1 Bb5 43. Ne2 Bb2 44. Ng3 Bc4 45. e4 Bd4 46. Ne2
Bc5 47. Ng3 Kf6 48. Nf1 Bd3 49. exf5 gxf5 50. Bh3 Be4+ 51. Ke2 Bxd5 52. Ng3 e6
53. Nh5+ Kg6 54. Ng3 Ba3 55. Kd2 Bb2 56. Ne2 Kh5 57. Ng3+ Kh4 58. Nxf5+ exf5
59. Bxf5 Kg3 60. Ke3 Bc1+ 61. Kd4 Bf7 62. Bc2 Kxf4 63. Bh7 Be6 0-1

[Event "XII Festival A"]
[Site "Trieste ITA"]
[Date "2010.09.04"]
[Round "1"]
[White "De Val, Daniele"]
[Black "Sevenyuk, Alexey"]
[Result "1/2-1/2"]
[WhiteElo "2249"]
[BlackElo "1920"]
[PlyCount "104"]
[EventDate "2010.09.04"]

1. d4 Nf6 2. Bg5 d6 3. Nd2 Nbd7 4. e3 e5 5. Bc4 Be7 6. dxe5 dxe5 7. Ngf3 O-O 8.
O-O e4 9. Nd4 Nb6 10. Be2 c5 11. Nb5 Bf5 12. Nc3 Nbd5 13. Nxd5 Qxd5 14. c3 Rad8
15. Nc4 b6 16. Qxd5 Rxd5 17. Rfd1 Rfd8 18. Rxd5 Rxd5 19. Rd1 Rxd1+ 20. Bxd1 Nd5
21. Bxe7 Nxe7 22. Nd6 Be6 23. a3 f5 24. b4 cxb4 25. cxb4 Kf8 26. g4 g6 27. Ba4
Nc8 28. Nxc8 Bxc8 29. gxf5 gxf5 30. Kg2 Be6 31. Kg3 Ke7 32. Kf4 Kf6 33. Bb5 h6
34. Ba6 Bd7 35. h3 Be6 36. a4 Bd7 37. a5 Be6 38. Be2 bxa5 39. bxa5 Bc8 40. f3
Bb7 41. fxe4 Bxe4 42. Ba6 Bg2 43. h4 Be4 44. Bb5 Ke6 45. Ba6 Kf6 46. Bc8 Bd3
47. Bb7 Bc2 48. e4 fxe4 49. Bxe4 Bxe4 50. Kxe4 Ke6 51. a6 h5 52. Kf4 Kf6
1/2-1/2

[Event "XII Festival A"]
[Site "Trieste ITA"]
[Date "2010.09.04"]
[Round "1"]
[White "Epishin, Vladimir V."]
[Black "Bevilacqua, Andrea"]
[Result "1/2-1/2"]
[WhiteElo "2594"]
[BlackElo "2132"]
[PlyCount "105"]
[EventDate "2010.09.04"]

1. d4 f5 2. Nf3 Nf6 3. g3 e6 4. Bg2 d5 5. O-O Be7 6. b3 Nbd7 7. Bb2 Ne4 8. c4
c6 9. Nbd2 O-O 10. Ne1 Nxd2 11. Qxd2 a5 12. Nd3 b5 13. Rfc1 Bd6 14. Rc2 bxc4
15. bxc4 Ba6 16. Rac1 Qe7 17. cxd5 cxd5 18. Nc5 Rfb8 19. Nxa6 Rxa6 20. Rc8+ Kf7
21. Rxb8 Nxb8 22. Bf1 Bb4 23. Qf4 Bd6 24. Qd2 Bb4 25. Qd1 Rc6 26. Rb1 Qc7 27.
Bc1 Nd7 28. Bf4 Qc8 29. Bd2 Bxd2 30. Qxd2 Rc3 31. e3 Nf6 32. Ba6 Qc6 33. Bd3
Qc7 34. Rb7 Qxb7 35. Qxc3 Qb6 36. a4 Ne4 37. Qc8 Qb4 38. Qd7+ Kf6 39. Bc2 Qd2
40. Qd8+ Kf7 41. Qc7+ Kf6 42. Bxe4 fxe4 43. Qf4+ Kg6 44. Qg4+ Kf6 45. Qh4+ Kf7
46. Qh5+ Kf8 47. h3 Qb4 48. Qxh7 Qxa4 49. Qh8+ Kf7 50. Qh5+ Kf8 51. Qh8+ Kf7
52. Qh5+ Kf8 53. Qh8+ 1/2-1/2

[Event "XII Festival A"]
[Site "Trieste ITA"]
[Date "2010.09.04"]
[Round "1"]
[White "Fehr, Axel"]
[Black "Kuzubov, Yuriy"]
[Result "0-1"]
[WhiteElo "2147"]
[BlackElo "2628"]
[PlyCount "56"]
[EventDate "2010.09.04"]

1. c4 e5 2. g3 Nf6 3. Bg2 Nc6 4. Nc3 Bb4 5. Nd5 O-O 6. e3 Nxd5 7. cxd5 Ne7 8.
Ne2 c6 9. a3 Ba5 10. b4 Bc7 11. dxc6 bxc6 12. O-O d5 13. f4 e4 14. Nd4 a5 15.
Bb2 Rb8 16. Bc3 Bd6 17. Rb1 Qc7 18. Qe2 Qb6 19. Rfc1 c5 20. bxc5 Qxb1 21. Rxb1
Rxb1+ 22. Kf2 Bxc5 23. Bxa5 Bxd4 24. exd4 Nf5 25. Bc3 Re8 26. g4 e3+ 27. Kf3
Nd6 28. dxe3 Nc4 0-1

[Event "XII Festival A"]
[Site "Trieste ITA"]
[Date "2010.09.04"]
[Round "1"]
[White "Hartl, Daniel"]
[Black "Ivanovic, Andrej"]
[Result "1/2-1/2"]
[WhiteElo "2233"]
[BlackElo "1898"]
[PlyCount "99"]
[EventDate "2010.09.04"]

1. e4 c5 2. Nf3 d6 3. d4 cxd4 4. Nxd4 Nf6 5. Nc3 a6 6. Bg5 e6 7. f4 Be7 8. Qf3
Qc7 9. O-O-O O-O 10. Bd3 Nbd7 11. Rhe1 h6 12. Bh4 b5 13. e5 dxe5 14. Nc6 Bc5
15. fxe5 Ne8 16. Ne7+ Bxe7 17. Bxe7 Bb7 18. Qg3 Nxe5 19. Bh7+ Kxh7 20. Bxf8 Ng6
21. Bd6 Nxd6 22. Rxd6 b4 23. Ne2 Rc8 24. Qd3 Be4 25. Qxe4 Qxd6 26. g3 Rd8 27.
Qe3 Qe5 28. Qxe5 Nxe5 29. Nf4 Nc6 30. Nd3 a5 31. a3 bxa3 32. bxa3 Rd5 33. Re3
e5 34. Kb2 f6 35. c4 Rd4 36. Kc3 Rd8 37. c5 Nd4 38. Nc1 Rc8 39. Kc4 Kg6 40. Rc3
Kf5 41. Nb3 Nxb3 42. Rxb3 Ke4 43. Rb7 g5 44. Kb5 f5 45. c6 f4 46. gxf4 gxf4 47.
Kc5 Kf3 48. Rb3+ Ke2 49. Rb2+ Ke3 50. Rb3+ 1/2-1/2

[Event "XII Festival A"]
[Site "Trieste ITA"]
[Date "2010.09.04"]
[Round "1"]
[White "Jovic, Stanoje"]
[Black "Pasquotto, Mirko"]
[Result "1-0"]
[WhiteElo "2290"]
[BlackElo "1934"]
[PlyCount "61"]
[EventDate "2010.09.04"]

1. c4 Nf6 2. Nc3 g6 3. g3 Bg7 4. Bg2 O-O 5. Nf3 d6 6. O-O e5 7. d3 Nc6 8. Rb1
a5 9. a3 Re8 10. e4 Ng4 11. h3 Nh6 12. Nd5 f6 13. b4 axb4 14. axb4 Nf7 15. b5
Ne7 16. b6 Nxd5 17. cxd5 cxb6 18. Be3 b5 19. Rxb5 Bd7 20. Rxb7 Qc8 21. Qb1 Ra1
22. Qxa1 Qxb7 23. Rb1 Ra8 24. Rxb7 Rxa1+ 25. Kh2 Ba4 26. h4 Bd1 27. Rb8+ Bf8
28. d4 Kg7 29. dxe5 Bxf3 30. exf6+ Kxf6 31. Bd4+ 1-0

[Event "XII Festival A"]
[Site "Trieste ITA"]
[Date "2010.09.04"]
[Round "1"]
[White "Kovchan, Alexander"]
[Black "Castelfranchi, Carlo"]
[Result "1-0"]
[WhiteElo "2562"]
[BlackElo "2121"]
[PlyCount "83"]
[EventDate "2010.09.04"]

1. e4 Nf6 2. e5 Nd5 3. d4 d6 4. c4 Nb6 5. exd6 exd6 6. Bd3 Be7 7. Ne2 Nc6 8.
Nbc3 Bg4 9. Be3 O-O 10. O-O Bh5 11. b3 Bf6 12. Qd2 Bg6 13. f4 Bxd3 14. Qxd3 Nb4
15. Qd2 Re8 16. Rf3 c5 17. Rd1 Qe7 18. d5 a5 19. a3 Na6 20. Ng3 a4 21. Nxa4
Nxa4 22. bxa4 g6 23. f5 Be5 24. Rdf1 f6 25. h4 Nb8 26. Qc2 Qg7 27. fxg6 hxg6
28. h5 g5 29. Nf5 Qh7 30. Rb1 Ra7 31. g4 Nd7 32. Kg2 Rea8 33. Bd2 b6 34. a5
bxa5 35. Rfb3 Nf8 36. Rb8 Qc7 37. Rxa8 Rxa8 38. Rb5 a4 39. Qb1 Ra7 40. Rb8 Kf7
41. h6 Bd4 42. h7 1-0

[Event "XII Festival A"]
[Site "Trieste ITA"]
[Date "2010.09.04"]
[Round "1"]
[White "Laco, Giuseppe"]
[Black "Gleizerov, Evgeny"]
[Result "0-1"]
[WhiteElo "2126"]
[BlackElo "2564"]
[PlyCount "72"]
[EventDate "2010.09.04"]

1. c4 e5 2. e3 g6 3. Nc3 Bg7 4. d4 exd4 5. exd4 Ne7 6. Nf3 O-O 7. Bd3 d6 8. h3
Nf5 9. Ne2 Nc6 10. Bxf5 Bxf5 11. Ng3 Re8+ 12. Kf1 Be4 13. Nxe4 Rxe4 14. Be3 d5
15. c5 Ne7 16. Nd2 Re6 17. g4 f5 18. Nf3 Qd7 19. g5 Nc6 20. Qa4 f4 21. Bd2 Re4
22. Bc3 Qf5 23. Rd1 Rae8 24. Kg2 Nd8 25. Rhg1 c6 26. Qxa7 Re2 27. Rde1 Nf7 28.
Rxe2 Rxe2 29. Qb8+ Bf8 30. Bd2 Nxg5 31. Nxg5 Qxg5+ 32. Kf1 Qh5 33. Bxf4 Qf3 34.
Rg2 Re4 35. Rg4 Qxh3+ 36. Rg2 Qf3 0-1

[Event "XII Festival A"]
[Site "Trieste ITA"]
[Date "2010.09.04"]
[Round "1"]
[White "Mazi, Leon"]
[Black "Suc, Timothy"]
[Result "1-0"]
[WhiteElo "2381"]
[BlackElo "2014"]
[PlyCount "53"]
[EventDate "2010.09.04"]

1. e4 e6 2. d4 d5 3. exd5 exd5 4. Bd3 Nc6 5. c3 Bd6 6. Qf3 Be6 7. Ne2 Qd7 8.
Bf4 Nf6 9. Bxd6 cxd6 10. O-O O-O-O 11. Na3 Kb8 12. Rfe1 h5 13. Nc2 h4 14. Ne3
Rh6 15. Nf4 g5 16. Nfxd5 Nxd5 17. Nxd5 Rdh8 18. Nf6 Qd8 19. Ng4 Rh5 20. Bf5 Qc8
21. Bxe6 fxe6 22. h3 Rf8 23. Qe4 e5 24. Qg6 Rhh8 25. d5 Na5 26. Qxd6+ Ka8 27.
Qxe5 1-0

[Event "XII Festival A"]
[Site "Trieste ITA"]
[Date "2010.09.04"]
[Round "1"]
[White "Ottaviani, Gianluca"]
[Black "Sarno, Spartaco"]
[Result "0-1"]
[WhiteElo "1936"]
[BlackElo "2329"]
[PlyCount "70"]
[EventDate "2010.09.04"]

1. e4 d6 2. d4 Nf6 3. Nc3 g6 4. Nf3 Bg7 5. Be2 O-O 6. O-O c6 7. h3 Nbd7 8. a4
e5 9. Re1 Re8 10. Bf1 exd4 11. Nxd4 Nc5 12. f3 Nh5 13. Be3 Be5 14. Qd2 Qh4 15.
Nde2 Ne6 16. Nd1 Nef4 17. Bf2 Qg5 18. Kh1 Nxh3 19. Qxg5 Nxg5 20. c3 f5 21. exf5
gxf5 22. f4 Bxf4 23. Nxf4 Rxe1 24. Bxe1 Nxf4 25. Bd2 Nfe6 26. Bd3 Ne4 27. Bh6
d5 28. Kg1 Kf7 29. Nf2 Bd7 30. Be2 Rg8 31. Nd3 Kf6 32. Be3 c5 33. a5 d4 34.
cxd4 cxd4 35. Bf4 Nxf4 0-1

[Event "XII Festival A"]
[Site "Trieste ITA"]
[Date "2010.09.04"]
[Round "1"]
[White "Petrachi, Gianni"]
[Black "Mocchi, Tullio"]
[Result "0-1"]
[WhiteElo "1899"]
[BlackElo "2248"]
[PlyCount "88"]
[EventDate "2010.09.04"]

1. e4 c6 2. d4 d5 3. e5 Bf5 4. Nf3 e6 5. Bd3 Bxd3 6. Qxd3 Qa5+ 7. Bd2 Qa6 8.
Qxa6 Nxa6 9. a3 c5 10. O-O Ne7 11. b4 cxb4 12. axb4 Nc8 13. c3 Nb6 14. Bc1 Nc7
15. Nbd2 Nb5 16. Bb2 Be7 17. Ne1 Rc8 18. Nd3 Nc4 19. Nxc4 Rxc4 20. Rfc1 b6 21.
f4 g6 22. Nf2 Kd7 23. Nd1 h5 24. g3 Rcc8 25. h4 Ra8 26. c4 dxc4 27. Rxc4 Rhc8
28. Rac1 Rxc4 29. Rxc4 Rc8 30. Rxc8 Kxc8 31. Ne3 Bxb4 32. Kf1 Nc7 33. Ke2 Kd7
34. g4 hxg4 35. Nxg4 Be7 36. Nf6+ Bxf6 37. exf6 Nd5 38. Kf3 Nxf6 39. Ke3 Kd6
40. Kd3 Kd5 41. Ba3 Nh5 42. Bc1 Ng7 43. Be3 Nf5 44. Bf2 f6 0-1

[Event "XII Festival A"]
[Site "Trieste ITA"]
[Date "2010.09.04"]
[Round "1"]
[White "Piscopo, Pierluigi"]
[Black "De Dreu, Dies"]
[Result "1-0"]
[WhiteElo "2424"]
[BlackElo "2019"]
[PlyCount "47"]
[EventDate "2010.09.04"]

1. e4 e5 2. Nf3 Nc6 3. Bc4 Bc5 4. O-O Nf6 5. d4 Bxd4 6. Nxd4 Nxd4 7. f4 d6 8.
fxe5 dxe5 9. Bg5 Be6 10. Na3 Qe7 11. Bxf6 gxf6 12. c3 Bxc4 13. Nxc4 Ne6 14. b4
Nf4 15. Ne3 Rg8 16. Kh1 Rd8 17. Qf3 Rd3 18. Rad1 Qd6 19. g3 Ng6 20. Rxd3 Qxd3
21. Rd1 Qxc3 22. Qxf6 Ne7 23. Qxe7+ Kxe7 24. Nd5+ 1-0

[Event "XII Festival A"]
[Site "Trieste ITA"]
[Date "2010.09.04"]
[Round "1"]
[White "Pomaro, Alberto"]
[Black "Gregori, Giuliano"]
[Result "1-0"]
[WhiteElo "2362"]
[BlackElo "1946"]
[PlyCount "80"]
[EventDate "2010.09.04"]

1. e4 e6 2. d4 d5 3. Nc3 Bb4 4. e5 c5 5. a3 Bxc3+ 6. bxc3 Ne7 7. Qg4 O-O 8. Bd3
f5 9. exf6 Rxf6 10. Bg5 Rf7 11. Qh5 g6 12. Qd1 Qa5 13. Bd2 c4 14. Be2 Nbc6 15.
Nf3 Nf5 16. O-O Qc7 17. Re1 Bd7 18. Qc1 Raf8 19. Ng5 Rf6 20. Bg4 h6 21. Nh3 Kh7
22. f4 R6f7 23. Kh1 Qd8 24. Qd1 b6 25. Ng1 Qh4 26. Nf3 Qe7 27. Ne5 Nxe5 28.
Rxe5 Nd6 29. Qe1 Ne4 30. Rxe4 dxe4 31. Qxe4 Qd6 32. Bf3 Rc8 33. Qe3 Qf8 34. Rf1
Rf6 35. Be4 Bc6 36. Rf3 Bxe4 37. Qxe4 Qxa3 38. Qb7+ Kg8 39. Qxc8+ Qf8 40. Qxc4
Qe7 1-0

[Event "XII Festival A"]
[Site "Trieste ITA"]
[Date "2010.09.04"]
[Round "1"]
[White "Pompili, Ugo"]
[Black "Kragelj, Igor"]
[Result "0-1"]
[WhiteElo "1877"]
[BlackElo "2226"]
[PlyCount "78"]
[EventDate "2010.09.04"]

1. Nf3 Nf6 2. c3 c5 3. d4 e6 4. e3 b6 5. Bd3 Bb7 6. Nbd2 cxd4 7. exd4 Be7 8.
O-O O-O 9. Re1 d6 10. Ne4 Nbd7 11. b3 Rc8 12. Bb2 Nxe4 13. Bxe4 Bxe4 14. Rxe4
Nf6 15. Re1 Qd7 16. c4 d5 17. Qd3 Qb7 18. Ne5 Rfd8 19. Qe2 Bd6 20. Rac1 Qe7 21.
h3 Rc7 22. cxd5 Nxd5 23. Qf3 Rdc8 24. Rxc7 Rxc7 25. Nc4 Bb4 26. Re2 Qd8 27. a3
Bf8 28. Ne5 Qc8 29. Kh2 Bd6 30. g3 b5 31. b4 Bxe5 32. dxe5 Rc4 33. Qd3 Qc6 34.
Rd2 h6 35. Bd4 Rc1 36. Rd1 a6 37. Bc5 Rc3 38. Qd2 Rxa3 39. Rc1 Qb7 0-1

[Event "XII Festival A"]
[Site "Trieste ITA"]
[Date "2010.09.04"]
[Round "1"]
[White "Roiz, Michael"]
[Black "Srebrnic, Vojko"]
[Result "1-0"]
[WhiteElo "2637"]
[BlackElo "2178"]
[PlyCount "77"]
[EventDate "2010.09.04"]

1. d4 Nf6 2. Nf3 g6 3. c4 Bg7 4. Nc3 d6 5. g3 O-O 6. Bg2 c6 7. O-O Qa5 8. e4
Bg4 9. h3 Bxf3 10. Bxf3 e5 11. d5 cxd5 12. cxd5 Nbd7 13. Qe2 a6 14. Bd2 Rfc8
15. h4 h5 16. Bg2 Kh7 17. Bh3 Qb4 18. f3 Qc4 19. Rac1 Rc7 20. Qxc4 Rxc4 21. b3
Rc7 22. Na4 Rac8 23. Rxc7 Rxc7 24. Rc1 Rxc1+ 25. Bxc1 b5 26. Nb2 Bh6 27. Bg5
Kg7 28. Nd3 a5 29. b4 a4 30. Nc1 Nb6 31. Bxh6+ Kxh6 32. Ne2 Nc4 33. Nc3 Na3 34.
Bf1 Nc2 35. Nxb5 Ne8 36. a3 Kg7 37. Kf2 Kf8 38. Bd3 Na1 39. Nc3 1-0

[Event "XII Festival A"]
[Site "Trieste ITA"]
[Date "2010.09.04"]
[Round "1"]
[White "Rombaldoni, Axel"]
[Black "Pregarac, Valter"]
[Result "1-0"]
[WhiteElo "2453"]
[BlackElo "2089"]
[PlyCount "61"]
[EventDate "2010.09.04"]

1. e4 e6 2. d4 d5 3. Nc3 Nf6 4. Bg5 Bb4 5. e5 h6 6. Bd2 Bxc3 7. bxc3 Ne4 8. Qg4
g6 9. Bd3 Nxd2 10. Kxd2 c5 11. Nf3 Qc7 12. h4 Nc6 13. Rhb1 Bd7 14. Qf4 f5 15.
dxc5 Nd8 16. Qe3 Rc8 17. a4 Qxc5 18. Qxc5 Rxc5 19. a5 Rc7 20. Nd4 Nf7 21. f4 h5
22. a6 b6 23. Rxb6 axb6 24. a7 Ke7 25. a8=Q Rxa8 26. Rxa8 Nd8 27. Ba6 Bc6 28.
Rxd8 Kxd8 29. Nxe6+ Kd7 30. Nxc7 Kxc7 31. Ke3 1-0